World Cup of Hockey Rosters 2016 - Statistics

General Stats
  • This quiz has been taken 1,123 times
  • The average score is 42 of 184
Answer Stats
Hint Answer % Correct
F Sidney Crosby
83%
F Connor McDavid
81%
F Alex Ovechkin
73%
F Auston Matthews
72%
F Patrick Kane
72%
G Carey Price
66%
D Zdeno Chara
63%
F Evgeni Malkin
62%
F Brad Marchand
61%
F Patrice Bergeron
59%
F Jonathan Toews
57%
F Nathan MacKinnon
52%
F Patrik Laine
52%
F Steven Stamkos
52%
G Tuukka Rask
52%
F Anze Kopitar
51%
F Daniel Sedin
51%
D Erik Karlsson
51%
G Henrick Lundqvist
51%
F Henrik Sedin
51%
D Drew Doughty
49%
D Shea Weber
49%
G Pekka Rinne
46%
G Jonathan Quick
45%
F Ryan Getzlaf
44%
G Sergei Bobrovsky
44%
F Corey Perry
43%
F John Tavares
43%
D Victor Hedman
43%
F Nikita Kucherov
42%
F Jack Eichel
41%
F Aleksander Barkov
40%
G Braden Holtby
38%
D Brent Burns
38%
F Sebastian Aho
38%
F David Pastrnak
37%
F Johnny Gaudreau
37%
F Mikko Koivu
37%
D Seth Jones
37%
F Nicklas Backstrom
36%
F Joe Thornton
35%
G John Gibson
35%
G Matt Murray
35%
D Roman Josi
35%
D Ryan Murray
35%
F Tyler Seguin
35%
F Artemi Panarin
33%
F Evgeny Kuznetsov
33%
F J.T. Miller
33%
F Leon Draisaitl
33%
D Alex Pietrangelo
31%
G Jaroslav Halak
31%
F Marian Hossa
31%
D Aaron Ekblad
29%
F Pavel Datsyuk
29%
G Corey Crawford
28%
F Joe Pavelski
28%
F Matt Duchene
27%
D Ryan Suter
27%
G Semyon Varlamov
27%
F Vladimir Tarasenko
27%
F Claude Giroux
26%
F Gabriel Landeskog
26%
F Zach Parise
26%
F Filip Forsberg
25%
F Mikael Granlund
25%
D Oliver Ekman-Larsson
25%
F T.J. Oshie
25%
D Marc-Edouard Vlasic
24%
D Morgan Rielly
24%
G Ben Bishop
23%
G Connor Hellebuyck
23%
D Dmitry Orlov
23%
D Erik Johnson
23%
D Jack Johnson
23%
F Jakub Voracek
23%
D John Carlson
23%
F Mark Scheifele
23%
F Max Pacioretty
23%
F Tomas Tatar
22%
F Logan Couture
21%
F Marian Gaborik
21%
G Andrei Vasilevskiy
20%
F Blake Wheeler
20%
F Dylan Larkin
19%
F Mats Zuccarello
19%
G Petr Mrazek
19%
D Ramus Ristolainen
19%
F Ryan Kesler
19%
F Teuvo Teravainen
19%
F Jussi Jokinen
18%
F Ryan Nugent-Hopkins
18%
D Sami Vatanen
18%
D Andrei Markov
17%
F Leo Komarov
17%
D Olli Maatta
17%
D Dustin Byfuglien
15%
F Jonathan Drouin
15%
F Ondrej Palat
15%
D Ryan McDonagh
15%
F Tomas Plekanec
15%
D Colton Parayko
14%
D Hampus Lindholm
14%
F Jannik Hansen
14%
D Jay Bouwmeester
14%
F Thomas Vanek
14%
F Valtteri Filppula
14%
G Cory Schneider
13%
D Dennis Seidenberg
13%
G Jacob Markstrom
13%
D Jake Muzzin
13%
G Mikko Koskinen
13%
F Sean Couturier
13%
F Erik Haula
12%
D Jacob Trouba
12%
F Loui Eriksson
12%
G Philipp Grubauer
12%
D Alexei Emelin
11%
F Brandon Saad
11%
D Mattias Ekholm
11%
G Thomas Greiss
11%
F James van Riemsdyk
10%
F Joonas Donskoi
10%
F Patric Hornqvist
10%
F Vincent Trocheck
10%
D Adrej Sekera
9%
F Artem Anisimov
9%
F David Backes
9%
F Evgeny Dadonov
9%
D Mark Streit
9%
G Michal Neuvirth
9%
F Nino Niederreiter
9%
D Sami Lepisto
9%
F Carl Hagelin
8%
F Derek Stepan
8%
F Frans Nielsen
8%
F Jori Lehtera
8%
F Milan Michalek
8%
F Rickard Rakell
8%
D Roman Polak
8%
D Zbynek Michalek
8%
F Brandon Dubinsky
7%
D Dmitry Kulikov
7%
F Jakob Silfverberg
7%
F Justin Abdelkader
7%
F Kyle Palmieri
7%
F Lauri Korpikoski
7%
F Martin Hanzal
7%
D Nikita Zaitsev
7%
D Niklas Hjalmarsson
7%
F Pierre-Edouard Bellemare
7%
F Roman Cervenka
7%
D Ville Pokka
7%
F Vladislav Namestnikov
7%
D Anton Stralman
6%
F Ivan Telegin
6%
D Jyrki Jokipakka
6%
D Matt Niskanen
6%
F Michael Frolik
6%
F Michal Birner
6%
D Michal Jordan
6%
D Michal Kempny
6%
F Mikael Backlund
6%
D Nikita Nesterov
6%
F Radek Faksa
6%
D Alexey Marchenko
5%
D Andrej Sustr
5%
D Christian Ehrhoff
5%
D Jakub Nakladal
5%
G Jhonas Enroth
5%
D Luca Sbisa
5%
F Marcus Kruger
5%
F Mikkel Boedker
5%
F Nikolay Kulemin
5%
G Ondrej Pavelec
5%
F Tobias Rieder
5%
F Vadim Shipachyov
5%
F Vladimir Sobotka
5%
F Ales Hemsky
4%
F Carl Soderberg
4%
F Dmitrij Jaskin
4%
D Tomas Kundratek
4%
D Esa Lindrell
3%
D Shayne Gotisbehere
3%
No matching quizzes found
Score Distribution
Percent of People with Each Score
Percentile by Number Answered
Your Score History
You have not taken this quiz